Concursos (Registro nro. 648)

Detalles MARC
000 -LEADER
fixed length control field 01604 a2200253 4500
001 - CONTROL NUMBER
control field 15434
005 - DATE AND TIME OF LATEST TRANSACTION
control field 20260407155450.0
008 - FIXED-LENGTH DATA ELEMENTS--GENERAL INFORMATION
fixed length control field 260407a1987 arg spa d
003 - CONTROL NUMBER IDENTIFIER
control field AR-UNSa-BCEJYS
040 ## - CATALOGING SOURCE
Original cataloging agency AR-UNSa-BCEJYS
Language of cataloging spa
Transcribing agency AR-UNSa-BCEJYS
080 ## - UNIVERSAL DECIMAL CLASSIFICATION NUMBER
Universal Decimal Classification number 347.736
Common auxiliary subdivision Quiebra. Insolvencia. Suspensión de pagos. Bancarrota, procedimientos. Derecho Concursal
020 ## - INTERNATIONAL STANDARD BOOK NUMBER
International Standard Book Number 950-508-171-5
100 1# - MAIN ENTRY--PERSONAL NAME
Personal name Fassi, Santiago C.
245 10 - TITLE STATEMENT
Title Concursos
Name of part/section of a work Comentario exegético de la Ley 19.551 con las reformas de la Ley 22.917 y jurisprudencia actualizada
250 ## - EDITION STATEMENT
Edition statement 3a. ed.
264 #1 - PRODUCTION, PUBLICATION, DISTRIBUTION, MANUFACTURE, AND COPYRIGHT NOTICE
Place of production, publication, distribution, manufacture Buenos Aires :
Name of producer, publisher, distributor, manufacturer Astrea
Date of production, publication, distribution, manufacture, or copyright notice 1987
300 ## - PHYSICAL DESCRIPTION
Extent xl, 617 p.
Dimensions 23 cm.
505 ## - FORMATTED CONTENTS NOTE
Formatted contents note 1. Concurso preventivo.Requisitos - 2. Apertura - 3. Trámite hasta la junta - 4. Contenido y votación del acuerdo preventivo - 5. Impugnación, homolagación, cumplimiento y nulidad del acuerdo -- 1. Quiebra. Declaración - 2. Efectos de la quiebra - 3. Extensión de la quiebra y responsabilidad de terceros - 4. Incautación, conservación y administración de los bienes - 5. Período informativo de la quiebra - 6. Liquidación y distribución - 7. Conclusión de la quiebra - 8. Clausura del procedimiento - 9. Calificación de conducta del fallido y de terceros - 10. Rehabilitación -- 1. Privilegios - 2. Funcionarios y empleados de los concursos - 3. Reglas procesales -- 1. Disposiciones complementarias y transitorias.Registro nacional de concursos
590 ## - LOCAL NOTE (RLIN)
Local note niveau_biblio:m niveau_hierar:0
650 ## - SUBJECT ADDED ENTRY--TOPICAL TERM
Topical term or geographic name entry element Ley 19.551<br/>Ley 22.917
650 ## - SUBJECT ADDED ENTRY--TOPICAL TERM
Topical term or geographic name entry element ley 19 551 ley 22 917
700 1# - ADDED ENTRY--PERSONAL NAME
Personal name Gebhardt, Marcelo
942 ## - ADDED ENTRY ELEMENTS (KOHA)
Koha item type
Existencias
Withdrawn status Lost status Damaged status Not for loan Home library Current library Shelving location Date acquired Total checkouts Full call number Barcode Date last seen Price effective from Koha item type
        Biblioteca Prof. Eusebio Cleto del Rey Biblioteca Prof. Eusebio Cleto del Rey   07/04/2026   347.736 F249 3ed. L119082 07/04/2026 07/04/2026 Libro